|
|
|
|
| LEADER |
01636nam a2200325 a 4500 |
| 001 |
000480119 |
| 003 |
CZ BrMZK |
| 005 |
20130627140130.0 |
| 007 |
ta |
| 008 |
951222s1980 xr f cze d |
| 015 |
|
|
|a cnb000396171
|
| 040 |
|
|
|a BOA001
|b cze
|
| 080 |
|
|
|a 885-32 :634.0
|2 MRF
|
| 080 |
|
|
|a 639
|2 MRF
|
| 100 |
1 |
|
|a Šrámek, František,
|c myslivost
|4 aut
|
| 245 |
1 |
0 |
|a O lovech a myslivcích /
|c František Šrámek ; Il. [autor] ; Fot.: [kol.]
|
| 250 |
|
|
|a 1. vyd.
|
| 260 |
|
|
|a Praha :
|b SZN,
|c 1980
|
| 300 |
|
|
|a 283, [3] s. [16] s. fot. příl. ;
|c 8°
|
| 490 |
1 |
|
|a Lesnictví, myslivost a vodní hospodářství
|
| 500 |
|
|
|a 30000 výt.
|
| 500 |
|
|
|a Obálka a vazba: Marie Dienstbierová
|
| 520 |
2 |
|
|a Líčení loveckých a mysliveckých zážitků, provázených vlastními kresbami, je autorovi prostředkem k zamyšlení nad hlubšími souvislostmi myslivosti s dneškem a projevem jeho snahy získat čtenářův zájem o myslivost a chapaní kráspřírody. Vypráví nejen o myslivosti v Československu, ale i o lovech v Maďarsku, NDR a na Kubě, o chovu mufloní zvěře v Zaječinách, o trofejove zvěři aj.
|
| 830 |
|
0 |
|a Lesnictví, myslivost a vodní hospodářství
|0 s
|
| 856 |
4 |
1 |
|u http://www.digitalniknihovna.cz/mzk/uuid/uuid:a76343e0-e214-11e2-9923-005056827e52
|y Digitalizovaný dokument
|x NDK
|
| 910 |
|
|
|a BOA001
|b 2-0829.503
|
| 964 |
|
|
|a Myslivost - vyprávění
|
| 990 |
|
|
|a BK
|
| 996 |
7 |
|
|b 2610588777
|c 2-0829.503
|l MZK
|r Sklad / do 1 hodiny
|n 3
|p dar
|w 000480119
|u 000020
|a 1
|e BOA001
|j MZK50
|s A
|
| 996 |
6 |
|
|b 2619753077
|c 2-0829.503
|l MZK
|r Sklad / do 1 hodiny
|n 6
|w 000480119
|u 000010
|a 1
|e BOA001
|j MZK50
|s P
|